| 000 | 00402nam a2200121Ia 4500 | ||
|---|---|---|---|
| 008 | 160609s9999 xx 000 0 und d | ||
| 100 | _aSivulka, Juliann. | ||
| 245 | _aSoap, Sex, and Cigarettes: A Cultural History of American Advertising (2nd edition) | ||
| 245 | _cBy:Juliann Sivulka | ||
| 260 | _c2011 | ||
| 650 | _xADVERTISING PRINCIPLES | ||
| 856 | _uhttp://file.ebook777.com/004/9781133311133.pdf | ||
| 999 |
_c295727 _d295727 |
||